Trabajo y modelos productivos en América Latina : Argentina, Brasil, Colombia, México. y Venezuela luego de las crisis del modo de desarrollo neoliberal /
Збережено в:
| Інші автори: | , |
|---|---|
| Формат: | eКнига |
| Мова: | Іспанська |
| Опубліковано: |
Ciudad Buenos Aires, Argentina :
CLACSO,
[2020]
|
| Серія: | Colección Grupos de trabajo.
|
| Предмети: | |
| Онлайн доступ: | https://elibro.unach.elogim.com/es/lc/unach/titulos/129142 |
| Теги: |
Додати тег
Немає тегів, Будьте першим, хто поставить тег для цього запису!
|
MARC
| LEADER | 00000nam a2200000 i 4500 | ||
|---|---|---|---|
| 001 | ELB129142 | ||
| 003 | FINmELB | ||
| 005 | 20210511125959.0 | ||
| 006 | m o u | ||
| 007 | cr cn||||||||| | ||
| 008 | 210511s2020 ag a ob 000 0 spa d | ||
| 020 | |a 9789877225983 |q (e-book) | ||
| 035 | |a (OCoLC)1252203565 | ||
| 040 | |a FINmELB |b spa |e rda |c FINmELB | ||
| 043 | |a cl----- | ||
| 050 | 0 | 0 | |a HC125 |b .T733 2020 |
| 080 | |a 338 | ||
| 082 | 0 | 4 | |a 338.98 |2 23 |
| 245 | 0 | 0 | |a Trabajo y modelos productivos en América Latina : |b Argentina, Brasil, Colombia, México. y Venezuela luego de las crisis del modo de desarrollo neoliberal / |c Enrique de la Garza y Julio César Neffa, compiladores. |
| 264 | 1 | |a Ciudad Buenos Aires, Argentina : |b CLACSO, |c [2020] | |
| 300 | |a 1 recurso en línea (433 páginas) : |b ilustraciones | ||
| 336 | |a texto |b txt |2 rdacontent/spa | ||
| 337 | |a computadora |b c |2 rdamedia/spa | ||
| 338 | |a recurso en línea |b cr |2 rdacarrier/spa | ||
| 490 | 1 | |a Colección Grupos de trabajo | |
| 500 | |a "Los autores ... redactaron esta publicación como resultado de un seminario realizado en la sede de FLACSO en Quito en noviembre de 2009 para discutir acerca de la permanencia de los ya existentes o la emergencia de nuevos modelos productivos"--p. 4 of cover. | ||
| 504 | |a Incluye referencias bibliográficas. | ||
| 588 | |a Descripción basada en metadatos suministrados por el editor y otras fuentes. | ||
| 590 | |a Recurso electrónico. Santa Fe, Arg.: elibro, 2021. Disponible vía World Wide Web. El acceso puede estar limitado para las bibliotecas afiliadas a elibro. | ||
| 651 | 4 | |a América Latina |x dPolítica económica. | |
| 651 | 4 | |a América Latina |x Condiciones económicas |y Siglo XX. | |
| 651 | 4 | |a América Latina |x Condiciones económicas |y Siglo XXI. | |
| 651 | 0 | |a Latin America |x Economic policy. | |
| 651 | 0 | |a Latin America |x Economic conditions |y 20th century. | |
| 651 | 0 | |a Latin America |x Economic conditions |y 21st century. | |
| 655 | 4 | |a Libros electrónicos. | |
| 700 | 1 | |a Garza Toledo, Enrique de la. | |
| 700 | 1 | |a Neffa, Julio César. | |
| 797 | 2 | |a elibro, Corp. | |
| 830 | 0 | |a Colección Grupos de trabajo. | |
| 856 | 4 | 0 | |u https://elibro.unach.elogim.com/es/lc/unach/titulos/129142 |
| 950 | |a eLibro Cátedra | ||
| 950 | |a eLibro Ciencias Sociales | ||
| 950 | |a eLibro Cátedra España | ||